000 00634nam a2200205Ia 4500
005 20250507130128.0
008 008 250505s9999 xx 000 0 eng d
037 _aDIS
040 _aEASL
_beng
_cEASL
041 _aeng
_2eng
084 _a0000051, DHA
_qEASL
100 _aDhawan Poonam
245 0 _aParty's politics towards intellectuals in China K.R. Sharma
260 _aIndia
_bDelhi University. Social Sciences. Chinese and Japanese Studies
_c1988
300 _a182p.
546 _aBoth Acc. Nos. are of same dissertation
650 _aDiss
942 _cDIS
_h0000051, DHA
999 _c1317899
_d1317899